000 00550cam a2200181 a 4500
001 000003077
005 20200929150325.0
008 780928s1983 sp 000 p spa
040 _aDO-SdBNP
_cspa
_dBNPHU
082 _aN861.08
_bC266a
100 1 _aCardenal, Ernesto,
_d1925-
_98090
240 1 0 _aPoems.
_kSelections
245 1 0 _aAntología /
_cErnesto Cardenal.
260 _aManagua :
_bMonimbó,
_c1983.
300 _a309 p. ;
_c19 cm.
650 4 _aPoesía nicaragüense
_xColecciones
_98091
650 4 _aLiteratura nicaragüense
_xColecciones
_98092
999 _c2908
_d2908